Statystyki dla kartkówka

Kliknij tutaj aby rozwiązać quiz!

Ogólne statystyki

  • Ten quiz został rozwiązany 18 razy
  • Średni wynik to 17 z 38

Statystyki odpowiedzi

HintOdpowiedź% Poprawnych
meksykmeksyk
100%
usawaszyngton
100%
kanadaottawa
94%
argentynabuenos aires
88%
chinypekin
75%
egiptkair
69%
japoniatokio
69%
perulima
63%
australiacanberra
56%
chilesantiago
56%
korea płdseul
56%
turcjaankara
50%
indonezjadżakarta
50%
korea płnpjongjang
50%
mongoliaułan bator
50%
brazyliabrazylia
44%
kuwejtkuwejt
44%
marokorabat
44%
tunezjatunis
44%
nowa zelandiawellington
44%
algieriaalgier
38%
irakbagdad
38%
wietnamhanoi
38%
pakistanislamabad
38%
filipinymanila
38%
indienowe delhi
38%
iranteheran
38%
afganistankabul
31%
zeaabu dhabi
25%
boliwiala paz
25%
ekwadorquito
25%
arabia saudyjskarijad
25%
libiatrypolis
25%
rpapretoria
19%
somaliamogadiszu
13%
nigeriaabudża
6%
mozambikmaputo
6%
czadndżamena
6%

Rozkład punktacji

Percentyl według liczby udzielonych odpowiedzi

Procent ludzi z każdym wynikiem

Twoja historia wyników

Nie rozwiązałeś tego quizu